000 00605naa a2200217 i 4500
001 91750
003 ES-MaBCM
005 20241016125819.0
008 030711s2003 fra 000 0 fre d
021 _axx
035 _a(OCoLC)1365115347
040 _cES-MaBCM
041 0 _afre
043 _afra
100 1 _aGuidez, Jean Marie
_920692
245 1 0 _aMobilité urbaine, le règne de la voiture
_cJean Marie Guidez
650 7 _aTransporte urbano
_960511
651 4 _aFrancia
_9115364
773 0 _aEn:
_tFuturibles
_dParis : 2003
_w104423
_gnº 288, juil.-août. 5-9. - Loc. S.164
942 _cAREV
999 _c91750
_d91750